[Event "Challenge"]
[Site "http://www.queenalice.com/game.php?id=861825"]
[Date "2010.11.21"]
[Round "-"]
[White "SunKite"]
[Black "tegwar00"]
[Result "1-0"]
[WhiteElo "1363"]
[BlackElo "1301"]

1. e3 e5 2. Bc4 d5 3. Bb3 Nf6 4. f3 Nc6 5. Nc3 Be7 6. d4 Bb4 7. a3 Bd6 8. dxe5
Nxe5 9. f4 Nc6 10. Nxd5 Be6 11. Nxf6+ Qxf6 12. Nf3 O-O 13. O-O Rad8 14. c4 Bc5
15. Qe2 Na5 16. Ba2 Nxc4 17. Bxc4 a6 18. Bd2 b5 19. Bc3 Qe7 20. Bd3 Qd7 21. Rad1
Bd5 22. Ne5 Qd6 23. b4 f6 24. bxc5 Qxc5 25. Bb4 Qb6 26. Bxf8 Kxf8 27. Ng4 Qe6
28. f5 Qc6 29. Rf4 Bc4 30. Bxc4 bxc4 31. Rxc4 Qb5 32. Rxd8+ Ke7 33. Rxc7+ Qd7
34. Rdxd7+ Ke8 35. Re7+ 1-0

[Event "Challenge"]
[Site "http://www.queenalice.com/game.php?id=862603"]
[Date "2010.11.22"]
[Round "-"]
[White "Marcos_197"]
[Black "tegwar00"]
[Result "1-0"]
[WhiteElo "1597"]
[BlackElo "1285"]

1. e4 c5 2. Nf3 Nc6 3. d4 cxd4 4. Nxd4 e5 5. Nf3 Nf6 6. Nc3 Bc5 7. h3 Qa5 8. Bd2
Qb6 9. b3 d6 10. Na4 Qd8 11. Nxc5 dxc5 12. Bd3 O-O 13. O-O Nb4 14. Bc4 Nxe4 15.
Bxb4 cxb4 16. Qxd8 Rxd8 17. Nxe5 Be6 18. Bxe6 fxe6 19. f4 Rac8 20. f5 Ng3 21.
Rf2 Rd5 22. Re1 Nxf5 23. c4 Rdd8 24. Kh2 Rc5 25. Ng4 h5 26. Ne5 b5 27. cxb5 Rxb5
28. Nc6 Rd3 29. Rxe6 Nd4 30. Ne7+ Kh7 31. Rg6 Re5 32. Rf7 Ne6 33. Nc6 Rg5 34.
Rxe6 Rdg3 35. Re2 Kg6 36. Rff2 Kh7 37. Nxb4 h4 38. Re4 Kh6 39. Rxh4+ Kg6 40. Nc6
a6 41. Ne7# 1-0

[Event "Bitterender might be a candy bar"]
[Site "http://www.queenalice.com/game.php?id=863271"]
[Date "2010.11.24"]
[Round "-"]
[White "jfalstaff"]
[Black "tegwar00"]
[Result "1-0"]
[WhiteElo "1851"]
[BlackElo "1287"]

1. e4 c5 2. Nf3 Nf6 3. e5 Nd5 4. Nc3 e6 5. Nxd5 exd5 6. d4 Nc6 7. dxc5 Bxc5 8.
Qxd5 d6 9. exd6 Qxd6 10. Qxd6 Bxd6 11. Bb5 O-O 12. O-O a6 13. Bxc6 bxc6 14. Be3
Be6 15. b3 c5 16. c4 f5 17. Rad1 Rad8 18. Ng5 Rfe8 19. Nxe6 Rxe6 20. Bxc5 Bc7
21. Rxd8+ Bxd8 22. Rd1 Bf6 23. g3 g6 24. Rd6 Re5 25. Rxf6 Rxc5 26. Rxa6 Kg7 27.
Ra7+ Kh6 28. a4 g5 29. a5 f4 30. a6 fxg3 31. hxg3 Ra5 32. Kg2 g4 33. b4 Ra4 34.
b5 Rxc4 35. b6 Rc8 36. b7 Rb8 37. Ra8 1-0

[Event "Sicilian wings"]
[Site "http://www.queenalice.com/game.php?id=864889"]
[Date "2010.11.28"]
[Round "-"]
[White "jfalstaff"]
[Black "tegwar00"]
[Result "1-0"]
[WhiteElo "1811"]
[BlackElo "1287"]

1. e4 c5 2. b4 b6 3. bxc5 bxc5 4. c3 Bb7 5. e5 d6 6. Nf3 Nc6 7. d4 dxe5 8. Bb5
a6 9. Ba4 Qa5 10. d5 Rd8 11. Nxe5 e6 12. Nxc6 Bxc6 13. Bxc6+ Ke7 14. O-O Nf6 15.
Bg5 Qc7 16. c4 Qe5 17. Qd2 exd5 18. Re1 Kd6 19. Rxe5 Kxc6 20. Qa5 dxc4 21. Qxa6+
Kd7 22. Nc3 Bd6 23. Rd1 h6 24. Rxd6+ Kc7 25. Rxc5+ Kb8 26. Rb6# 1-0

[Event "Challenge"]
[Site "http://www.queenalice.com/game.php?id=865362"]
[Date "2010.11.29"]
[Round "-"]
[White "zeoliveira100870"]
[Black "tegwar00"]
[Result "1-0"]
[WhiteElo "1287"]
[BlackElo "1285"]

1. e4 c5 2. Bc4 e6 3. Qf3 Nf6 4. Nh3 Nc6 5. O-O Nd4 6. Qc3 Nxe4 7. Qe3 Nd6 8.
Nc3 Nxc4 9. Qf4 Bd6 10. Qe4 f5 11. Qd3 Ne5 12. Qg3 O-O 13. d3 b6 14. Bg5 Qc7 15.
f4 Nf7 16. Bf6 Nxc2 17. Qxg7# 1-0

[Event "Traveller's Blues"]
[Site "http://www.queenalice.com/game.php?id=893469"]
[Date "2011.1.30"]
[Round "-"]
[White "jfalstaff"]
[Black "tegwar00"]
[Result "1-0"]
[WhiteElo "1909"]
[BlackElo "1298"]

1. d4 d5 2. Bg5 Nf6 3. Nd2 c5 4. e3 e6 5. Ngf3 Nbd7 6. c3 c4 7. g3 Qc7 8. Bg2
Bd6 9. Qa4 Qc6 10. Qc2 Ne4 11. Nxe4 dxe4 12. Nd2 f6 13. Nxe4 Bc7 14. Nxf6+ Nxf6
15. Bxc6+ bxc6 16. O-O Rb8 17. Qa4 Bd7 18. Qxa7 Kd8 19. e4 Kc8 20. Bxf6 gxf6 21.
b3 e5 22. Rfb1 Bh3 23. bxc4 Kd7 24. Qa3 Bd6 25. Qc1 f5 26. Qh6 Bg4 27. d5 cxd5
28. exd5 Rbc8 29. Rb7+ Rc7 30. Qg7+ Be7 31. Rxc7+ 1-0

[Event "tegwar-alo"]
[Site "http://www.queenalice.com/game.php?id=900807"]
[Date "2011.2.15"]
[Round "-"]
[White "tegwar00"]
[Black "aloeto35"]
[Result "0-1"]
[WhiteElo "1339"]
[BlackElo "1171"]

1. e4 e5 2. Nf3 d6 3. d4 Nc6 4. Nc3 f5 5. Bd3 Nf6 6. exf5 exd4 7. Qe2+ Be7 8.
Ne4 Ne5 9. Nxf6+ Bxf6 10. Nxd4 O-O 11. Bc4+ d5 12. f4 Nxc4 13. c3 Re8 14. Ne6
Qd7 15. b3 Nd6 16. Bb2 Nxf5 17. O-O Qxe6 18. Rae1 Bd7 19. c4 d4 20. Qd3 Nh4 21.
Rxe6 Rxe6 22. Bxd4 Rd8 23. f5 Rd6 24. Rf4 Bc6 25. Qe3 Nxg2 0-1

[Event "Recall Petition"]
[Site "http://www.queenalice.com/game.php?id=912352"]
[Date "2011.3.13"]
[Round "-"]
[White "tegwar00"]
[Black "jfalstaff"]
[Result "1/2-1/2"]
[WhiteElo "1325"]
[BlackElo "1938"]

1. d4 Nf6 2. c4 c5 3. d5 b5 4. cxb5 a6 5. bxa6 Bxa6 6. Nc3 d6 7. Nf3 g6 8. g3
Bg7 9. Bg2 Nbd7 10. O-O O-O 11. Rb1 Qc7 12. Bf4 Rfb8 13. Qd2 Ng4 14. Rfc1 Nge5
15. Nxe5 Nxe5 16. b3 c4 17. b4 Bb5 18. Nxb5 Rxb5 19. Qc2 Qa7 20. Bxe5 Bxe5 21.
Qxc4 Rab8 22. Rc2 Qa4 23. e3 Rxb4 24. Bf1 Rxc4 25. Rxb8+ Kg7 26. Rxc4 Qxa2 27.
f4 Bb2 28. Rc2 Qa7 29. Rbxb2 Qxe3+ 30. Rf2 Qd4 31. Rd2 Qa1 32. f5 g5 33. Rde2
Kf6 34. g4 Qd4 35. Bg2 Qxg4 36. h3 Qd4 37. Rb2 h5 38. Rb8 g4 39. hxg4 hxg4 40.
Rg8 Qd1+ 41. Rf1 Qd4+ 1/2-1/2

[Event "Jhonatan"]
[Site "http://www.queenalice.com/game.php?id=922858"]
[Date "2011.4.7"]
[Round "-"]
[White "tegwar00"]
[Black "jhonatansouza"]
[Result "1-0"]
[WhiteElo "1314"]
[BlackElo "1459"]

1. d4 d5 2. Nf3 Nc6 3. c4 e5 4. dxe5 Bc5 5. a3 Be6 6. Nc3 Nge7 7. e4 d4 8. Na4
Bb6 9. c5 Ba5+ 10. b4 b5 11. bxa5 bxa4 12. Qxa4 O-O 13. Rb1 f5 14. Bc4 1-0